| 000 | 01165nam a22003497a 4500 | ||
|---|---|---|---|
| 001 | 13268477 | ||
| 003 | NUST | ||
| 005 | 20231030142545.0 | ||
| 008 | 030328s2003 ii 000 1 urd | ||
| 010 | _a 2003310416 | ||
| 020 | _a818577210X | ||
| 025 | _aI-U-2003-310416; 11 | ||
| 035 | _a(DLC) 2003310416 | ||
| 037 |
_bLibrary of Congress -- New Delhi Overseas Office _cRs50.00 |
||
| 040 |
_aDLC _cDLC |
||
| 042 | _alcode | ||
| 050 | 0 | 0 |
_aMLCSA 2003/00343 (P) _aPK2199.H338 |
| 082 |
_a891.4393 _bMAN |
||
| 100 | 1 |
_aManṭo, Saʻādat Ḥasan, _d1912-1955. _91443 |
|
| 245 | 1 | 0 |
_aRattī māshāh taulah / _cSaadat Ḥasan Manṭo. |
| 260 |
_aLahore : _bSang -e- Mil Publications, _c2008. |
||
| 300 |
_a135 p. ; _c19 cm. |
||
| 500 | _aShort stories. | ||
| 546 | _aIn Urdu. | ||
| 650 |
_aUrdu Literature _9347 |
||
| 880 |
_6100-01\(3\r _aسعادت حسن منٹو |
||
| 880 |
_6245-02\(3\r _aرتی، ماشہ، تولہ _cسعادت حسن منٹو |
||
| 880 |
_6260-03\(3\r _aلاہور: _bسنگ میل پبلی کیشنز، _c2008 |
||
| 906 |
_a7 _bcbc _corigode _d5 _encip _f20 _gy-gencatlg |
||
| 942 |
_2ddc _cBK |
||
| 999 |
_c330638 _d330638 |
||